Recent advances and issues in molecular nanotechnology / (Record no. 330482)

000 -LEADER
fixed length control field 01238cam a22003134a 4500
001 - CONTROL NUMBER
control field 12684692
003 - CONTROL NUMBER IDENTIFIER
control field NUST
005 - DATE AND TIME OF LATEST TRANSACTION
control field 20170717165038.0
008 - FIXED-LENGTH DATA ELEMENTS--GENERAL INFORMATION
fixed length control field 020213s2002 ctua b 001 0 eng
010 ## - LIBRARY OF CONGRESS CONTROL NUMBER
LC control number 2002022444
020 ## - INTERNATIONAL STANDARD BOOK NUMBER
International Standard Book Number 1573563072 (alk. paper)
035 ## - SYSTEM CONTROL NUMBER
System control number (DLC) 2002022444
040 ## - CATALOGING SOURCE
Original cataloging agency DLC
Transcribing agency DLC
Modifying agency DLC
042 ## - AUTHENTICATION CODE
Authentication code pcc
050 00 - LIBRARY OF CONGRESS CALL NUMBER
Classification number T174.7
Item number .N49 2002
082 00 - DEWEY DECIMAL CLASSIFICATION NUMBER
Classification number 620.5 NEW
Edition number 21
100 1# - MAIN ENTRY--PERSONAL NAME
Personal name Newton, David E.
9 (RLIN) 3339
245 10 - TITLE STATEMENT
Title Recent advances and issues in molecular nanotechnology /
Statement of responsibility, etc. by David E. Newton.
260 ## - PUBLICATION, DISTRIBUTION, ETC.
Place of publication, distribution, etc. Westport, Conn. :
Name of publisher, distributor, etc. Greenwood Press,
Date of publication, distribution, etc. 2002.
300 ## - PHYSICAL DESCRIPTION
Extent x, 306 p. :
Other physical details ill. ;
Dimensions 25 cm.
440 #0 - SERIES STATEMENT/ADDED ENTRY--TITLE
Title Oryx frontiers of science series
9 (RLIN) 3340
500 ## - GENERAL NOTE
General note "An Oryx book."
501 ## - WITH NOTE
With note Includes bibliographical references and index.
650 #0 - SUBJECT ADDED ENTRY--TOPICAL TERM
Topical term or geographic name entry element Nanotechnology.
9 (RLIN) 2826
856 41 - ELECTRONIC LOCATION AND ACCESS
Materials specified Table of contents
Uniform Resource Identifier <a href="http://www.loc.gov/catdir/toc/fy035/2002022444.html">http://www.loc.gov/catdir/toc/fy035/2002022444.html</a>
906 ## - LOCAL DATA ELEMENT F, LDF (RLIN)
a 7
b cbc
c orignew
d 1
e ocip
f 20
g y-gencatlg
942 ## - ADDED ENTRY ELEMENTS (KOHA)
Source of classification or shelving scheme
Koha item type Book
Call number prefix IESE
Holdings
Withdrawn status Lost status Source of classification or shelving scheme Damaged status Not for loan Collection code Permanent Location Current Location Shelving location Date acquired Total Checkouts Full call number Barcode Date last seen Price effective from Koha item type
            Institute of Environmental Science and Engineering (IESE) Institute of Environmental Science and Engineering (IESE) General Stacks 07/17/2017   620.5 NEW IESE-832 07/17/2017 07/17/2017 Book
© 2023 Central Library, National University of Sciences and Technology. All Rights Reserved.